Sports Quiz

Random Sports Quiz

Balls!! Quiz Stats

 Plays Quiz Updated May 11, 2013

Score 0/18 Timer 04:00
2 Plays Today
Number Ball % Correct
1Tennis
95.5%
3Baseball
92.6%
6Football
92%
5Beach Ball
90%
13Basketball
89.6%
16Golf
89.4%
18Bowling
88.2%
11Volleyball
86.1%
9Soccer / Football
82.2%
Number Ball % Correct
7Kickball / Dodgeball
75%
2Billiards / Pool
72.5%
10Softball
64.1%
8Rugby
55.6%
4Wiffle Ball
54.4%
15Ping Pong / Table Tennis / Beer Pong
47.1%
17Medicine Ball
45.4%
12Racquetball
33.1%
14Lacrosse
29.5%

You're not logged in!

Compare scores with friends on all Sporcle quizzes.
Join for Free
OR
Log In

You Might Also Like...

Show Comments

Extras

Top Quizzes Today


Score Distribution

Your Account Isn't Verified!

In order to create a playlist on Sporcle, you need to verify the email address you used during registration. Go to your Sporcle Settings to finish the process.

Report this User

Report this user for behavior that violates our Community Guidelines.

Details: